Strategic issues in library management / (Record no. 81237)

MARC details
000 -LEADER
fixed length control field 01065nam a22002777a 4500
005 - DATE AND TIME OF LATEST TRANSACTION
control field 20170504162929.0
010 ## - LCCN (DPL NO)
LC control number ENG-108872
020 ## - INTERNATIONAL STANDARD BOOK NUMBER
Terms of availability 950.00
International Standard Book Number 9789381839027
035 ## - SYSTEM CONTROL NUMBER
System control number EN-92405
035 ## - SYSTEM CONTROL NUMBER
System control number B-534661-662
035 ## - SYSTEM CONTROL NUMBER
System control number B-667862
037 ## - SOURCE OF ACQUISITION
Source of stock number/acquisition DBAD/PUB
037 ## - SOURCE OF ACQUISITION
Source of stock number/acquisition Star Pub/Ven
Stock number dpl
082 ## - DEWEY DECIMAL CLASSIFICATION NUMBER
Classification number 025.10954
245 ## - TITLE STATEMENT
Title Strategic issues in library management /
Statement of responsibility, etc edited by Chandrakanta Swain, Sunil Kumar Satpathy [and] Bijayalaxmi Rautaray
260 ## - PUBLICATION, DISTRIBUTION, ETC. (IMPRINT)
Place of publication, distribution, etc New Delhi
Name of publisher, distributor, etc Avon Publications
Date of publication, distribution, etc 2013
270 ## - ADDRESS
Address 5A-12, Ground Floor, Ansari Road Daryaganj
City New Delhi
Postal code 110002
300 ## - PHYSICAL DESCRIPTION
Extent xv,301p.
Dimensions 22cm(Hb)
500 ## - GENERAL NOTE
General note Includes index
700 ## - ADDED ENTRY--PERSONAL NAME
Personal name Swain, Chandrakanta
700 ## - ADDED ENTRY--PERSONAL NAME
Personal name Satpathy, Sunil Kumar
700 ## - ADDED ENTRY--PERSONAL NAME
Personal name Rautaray, Bijayalaxmi
942 ## - ADDED ENTRY ELEMENTS (KOHA)
Source of classification or shelving scheme Dewey Decimal Classification
Item type English Books
Call number suffix STR
Classification part 025.10954
Holdings
Withdrawn status Lost status Not for loan Collection code Home library Current library Date acquired Source of acquisition Cost, normal purchase price Full call number Barcode Copy number Cost, replacement price Koha item type
      Non-fiction Ashok Vihar Ashok Vihar 04/05/2017 BPPD/EN/2013-14/AV/16-17/364/15.2.2017/SP/2277/3.3.2017/ 18.3.2017 950.00 025.10954 STR B-667862 1 950.00 English Books
  Written-off vide DLB M. No. 383 dt 16.05.19   Non-fiction Central Library Central Library 22/07/2014 Star Pub/SP3360/27.03.2014/25.03.2014/29.03.2014 950.00 025.10954 STR B-534661 1 950.00 English Books
    Not For Loan Reference Central Library Central Library 22/07/2014 Star Pub/SP3360/27.03.2014/25.03.2014/29.03.2014 950.00 025.10954 STR B-534662 1 950.00 English Books
    Not For Loan Non-fiction D.B.Act.Division D.B.Act.Division 18/12/2013 DBAD/PUB 950.00 025.10954 STR EN-92405 1 950.00 English Books

© Delhi Public Library
Hit Counter
free hit counter